Four Plays (Record no. 65485)
[ view plain ]
| 000 -LEADER | |
|---|---|
| fixed length control field | 00227nam a22001097a 4500 |
| 082 ## - DEWEY DECIMAL CLASSIFICATION NUMBER | |
| Classification number | 822/KAR |
| 100 ## - MAIN ENTRY--AUTHOR NAME | |
| Personal name | Karnoor,Maithreyi |
| 245 ## - TITLE STATEMENT | |
| Title | Four Plays |
| 260 ## - PUBLICATION, DISTRIBUTION, ETC. (IMPRINT) | |
| Place of publication | Delhi |
| Name of publisher | Sahitya Akademi |
| 650 ## - SUBJECT ADDED ENTRY--TOPICAL TERM | |
| Topical Term | Drama |
| 942 ## - ADDED ENTRY ELEMENTS (KOHA) | |
| Koha item type | Books |
| Withdrawn status | Lost status | Damaged status | Not for loan | Home library | Current library | Date acquired | Cost, normal purchase price | Full call number | Accession Number | Price effective from | Koha item type |
|---|---|---|---|---|---|---|---|---|---|---|---|
| MACL | MACL | 21/10/2022 | 220.00 | 822/KAR | CRE040086 | 21/10/2022 | Books |









